Canzoni di Charlie Charles - Statistics

Statistiche generali
  • Questo quiz è stato fatto 8 volte
  • Il punteggio medio è 4 su 5
Statistiche sulle risposte
Album Anno Feat Risposta % Corretto
- 2017 Izi, Rkomi, Sfera Ebbasta, Tedua, Ghali Bimbi
100%
- 2019 Dardust, Sfera Ebbasta, Mahmood, Fabri Fibra Calipso
100%
- 2018 Sfera Ebbasta, Ghali Peace & Love
88%
- 2023 Ghali, Thasup, Fabri Fibra Obladi Oblada
38%
- 2017 Izi RAP
38%
Nessun quiz corrispondente trovato
Distribuzione punteggi
Percentuale di utenti per punteggio
Percentile per numero di risposta
I tuoi punteggi nel tempo
Non hai fatto questo quiz